000 00624cam a2200229 i 4500
001 849958
005 20180103035038.0
008 801217s1980 cauabf b 001 0 eng
010 _a 78070885
020 _a081797251X
040 _aDLC
_cDLC
_dDLC
041 _aeng
043 _an-us---
_acl-----
080 _a330.98
082 0 0 _a330.98 BEA
_219
100 1 _a19
101 _aSHP
245 1 4 _aThe fractured continent :
_cWillard L. Beaulac.
504 _aIncludes bibliographical references and index.
906 _a7
_bcbc
_corignew
_d2
_eopcn
_f19
_gy-gencatlg
942 _2ddc
_cBK
999 _c39599
_d39599